[Event "FRA Team Ch"]
[Site "REIMS"]
[Date "2002.??.??"]
[Round "9.5"]
[White "Marzolo, Cyril"]
[Black "Bauer, Christian"]
[Result "0-1"]
[WhiteElo "2405"]
[BlackElo "2571"]
[PlyCount "80"]
[EventDate "2005.05.??"]

1. e4 c5 2. d3 Nc6 3. Nf3 g6 4. g3 Bg7 5. Bg2 Nf6 6. O-O O-O 7. Re1 d6 8. c3
Bg4 9. Nbd2 e5 10. h3 Be6 11. a3 a5 12. b3 h6 13. Bb2 Qd7 14. Kh2 Rad8 15. a4
Nh7 16. Qe2 f5 17. Rad1 Qf7 18. Nc4 g5 19. exf5 Bxf5 20. d4 e4 21. Ng1 d5 22.
Ne3 cxd4 23. cxd4 Bg6 24. f3 Nf6 25. Rf1 Qc7 26. Nxd5 Nxd5 27. fxe4 Rxf1 28.
Rxf1 Ndb4 29. d5 Ne5 30. Nf3 Bh5 31. Rc1 Qd6 32. Rf1 Rf8 33. Bc1 Rc8 34. Bd2
Nc2 35. Be3 Nxe3 36. Qxe3 Bxf3 37. Bxf3 Rc3 38. Qxc3 Ng4+ 39. Bxg4 Bxc3 40.
Be6+ Kh8 0-1

[Event "FRA Team Ch"]
[Site "REIMS"]
[Date "2002.??.??"]
[Round "9.6"]
[White "Marciano, David"]
[Black "Claverie, Christophe"]
[Result "1/2-1/2"]
[WhiteElo "2505"]
[BlackElo "2398"]
[PlyCount "32"]
[EventDate "2005.05.??"]

1. e4 e6 2. d4 d5 3. Nd2 c5 4. Ngf3 Nc6 5. exd5 Qxd5 6. Bc4 Qd8 7. Nb3 cxd4 8.
O-O a6 9. Nbxd4 Nxd4 10. Nxd4 Qc7 11. Qe2 Nf6 12. h3 Bc5 13. Nf3 b5 14. Bd3 Bb7
15. Ne5 Nd7 16. Nxd7 Qxd7 1/2-1/2

[Event "FRA Team Ch"]
[Site "REIMS"]
[Date "2002.??.??"]
[Round "9.7"]
[White "Toulzac, Pierre-Yves"]
[Black "Miralles, Gilles"]
[Result "0-1"]
[WhiteElo "2272"]
[BlackElo "2467"]
[PlyCount "111"]
[EventDate "2005.05.??"]

1. d4 Nf6 2. c4 e6 3. Nf3 b6 4. a3 Ba6 5. Qc2 Bb7 6. Nc3 c5 7. e4 cxd4 8. Nxd4
Bc5 9. Nb3 Nc6 10. Be2 Nd4 11. Nxd4 Bxd4 12. Nb5 Be5 13. Bd3 Qb8 14. g3 a6 15.
Nc3 O-O 16. Bd2 b5 17. c5 Rc8 18. Ne2 d5 19. exd5 Bxd5 20. O-O Bc4 21. Be3 Bxd3
22. Qxd3 Bxb2 23. Rab1 Rd8 24. Qb3 Be5 25. f4 Bc7 26. f5 Qc8 27. Nd4 Be5 28.
Nf3 Ng4 29. Rbe1 Bf6 30. fxe6 fxe6 31. Bf2 Rd5 32. Kg2 Nxf2 33. Rxf2 Qc6 34. h4
Re8 35. Rfe2 h6 36. Kh2 Kh8 37. Nd2 Bd4 38. Ne4 Bxc5 39. Rc2 Qb6 40. a4 Bd4 41.
Rf1 Re5 42. a5 Qd8 43. Rf4 Qd5 44. Qf3 Rf5 45. Ng5 Qxf3 46. Nxf3 Be3 47. Rxf5
exf5 48. Rc6 b4 49. Kg2 b3 50. Rc3 b2 51. Rb3 Bc1 52. h5 Kh7 53. Rb7 Rd8 54.
Ne5 Rd5 55. Nc4 Rc5 56. Nd6 0-1

[Event "FRA Team Ch"]
[Site "REIMS"]
[Date "2002.??.??"]
[Round "9.8"]
[White "Efimov, Igor"]
[Black "Bonnet, Edouard"]
[Result "1-0"]
[WhiteElo "2446"]
[BlackElo "2194"]
[PlyCount "39"]
[EventDate "2005.05.??"]

1. c4 c6 2. Nf3 d5 3. b3 Bg4 4. e3 Nd7 5. Bb2 Ngf6 6. h3 Bh5 7. Be2 e6 8. d3
Bb4+ 9. Nc3 dxc4 10. bxc4 Bxf3 11. Bxf3 Nc5 12. Ke2 e5 13. Qc2 O-O 14. Rhd1 Qe7
15. Kf1 Qe6 16. Rab1 Rad8 17. Ne2 Ba5 18. Ba3 Nfd7 19. d4 e4 20. Nf4 1-0

[Event "FRA Team Ch"]
[Site "REIMS"]
[Date "2002.??.??"]
[Round "9.9"]
[White "Muller, Anne"]
[Black "Lallemand, Roza"]
[Result "1/2-1/2"]
[WhiteElo "2167"]
[BlackElo "2300"]
[PlyCount "80"]
[EventDate "2005.05.??"]

1. e4 c5 2. Nf3 d6 3. d4 cxd4 4. Nxd4 Nf6 5. Nc3 Nc6 6. Be2 g6 7. O-O Bg7 8.
Nb3 O-O 9. Re1 a5 10. a4 Nb4 11. Bf1 Bg4 12. f3 Bd7 13. Be3 Rc8 14. Nd4 e5 15.
Ndb5 d5 16. exd5 Bf5 17. Re2 Nbxd5 18. Nxd5 Nxd5 19. Bf2 Nf4 20. Rd2 Qg5 21.
Kh1 Rfd8 22. h4 Rxd2 23. Qxd2 Qe7 24. c4 Rd8 25. Qxa5 Bd3 26. Nc3 Bxf1 27. Rxf1
Nd3 28. Bg3 Nxb2 29. Nd5 Qd7 30. Qb4 Nxc4 31. Ne7+ Kh8 32. Nxg6+ hxg6 33. Qxc4
Rc8 34. Qb3 e4 35. Qe3 exf3 36. Qxf3 Rc3 37. Qf4 Kh7 38. Kh2 f5 39. h5 Qe6 40.
hxg6+ Kxg6 1/2-1/2

[Event "FRA Team Ch"]
[Site "REIMS"]
[Date "2002.??.??"]
[Round "9.1"]
[White "Bricard, Emmanuel"]
[Black "Lutz, Christopher"]
[Result "0-1"]
[WhiteElo "2443"]
[BlackElo "2644"]
[PlyCount "60"]
[EventDate "2005.05.??"]

1. g3 d5 2. Bg2 e5 3. c4 d4 4. d3 Nf6 5. Nf3 Bd6 6. O-O O-O 7. b4 Re8 8. Qb3 c6
9. a4 Na6 10. Ba3 Bxb4 11. Bxb4 Qb6 12. Nbd2 Qxb4 13. e3 dxe3 14. fxe3 Qxb3 15.
Nxb3 Nb4 16. d4 Nc2 17. Nxe5 Nxa1 18. Rxa1 Ng4 19. Nxg4 Bxg4 20. Re1 Rad8 21.
a5 Be6 22. Rc1 Bf5 23. Kf2 Rd6 24. a6 b6 25. c5 bxc5 26. Rxc5 Rf6 27. Ke2 Rb8
28. Rc3 Bc8 29. Bxc6 Bxa6+ 30. Kd2 Rxb3 0-1

[Event "FRA Team Ch"]
[Site "REIMS"]
[Date "2002.??.??"]
[Round "9.2"]
[White "Van Den Doel, Erik"]
[Black "Van Elst, Andreas"]
[Result "1-0"]
[WhiteElo "2583"]
[BlackElo "2294"]
[PlyCount "95"]
[EventDate "2005.05.??"]

1. e4 c5 2. Nf3 e6 3. b3 d6 4. Bb5+ Nd7 5. O-O Ngf6 6. Re1 Be7 7. d4 cxd4 8.
Qxd4 O-O 9. Nc3 Qc7 10. a4 Ne5 11. Be2 Nc6 12. Qd2 d5 13. exd5 exd5 14. Ba3
Bxa3 15. Rxa3 Ne4 16. Qe3 Bf5 17. Nb5 Qa5 18. Raa1 Rfe8 19. Qf4 Ne7 20. Nfd4
Be6 21. f3 Nf6 22. Bd3 Bd7 23. Qc7 Nc6 24. Rxe8+ Rxe8 25. Qxa5 Nxa5 26. Nxa7 b6
27. Kf2 Nb7 28. Nab5 Kf8 29. b4 Ra8 30. Nb3 Bxb5 31. Bxb5 Nd6 32. Bc6 Rc8 33.
Nd4 Nf5 34. Bb7 Rc7 35. Nxf5 Rxb7 36. a5 bxa5 37. bxa5 Ne8 38. Ke3 g6 39. Nd4
Nc7 40. Nc6 Ke8 41. Kd4 Kd7 42. Ne5+ Ke6 43. Re1 Rb4+ 44. c4 Ra4 45. Kc5 dxc4
46. Kc6 Na8 47. Nxc4+ Kf6 48. Re4 1-0

[Event "FRA Team Ch"]
[Site "REIMS"]
[Date "2002.??.??"]
[Round "9.3"]
[White "Renault, Mael"]
[Black "Glek, Igor V"]
[Result "0-1"]
[WhiteElo "2102"]
[BlackElo "2605"]
[PlyCount "76"]
[EventDate "2005.05.??"]

1. e4 e6 2. d4 d5 3. Nd2 c5 4. exd5 Qxd5 5. Ngf3 cxd4 6. Bc4 Qd6 7. O-O Nf6 8.
Nb3 Nc6 9. Nbxd4 Nxd4 10. Qxd4 Bd7 11. Bf4 Qxd4 12. Nxd4 Rc8 13. Bb3 Bc5 14.
Rad1 O-O 15. c3 Rfd8 16. h3 Be8 17. Bg5 Bxd4 18. cxd4 Bb5 19. Rfe1 Bc4 20. Re3
Bxb3 21. Rxb3 Rd7 22. Bxf6 gxf6 23. Rd2 Rcd8 24. Kf1 b6 25. Ra3 f5 26. Ke2 Kg7
27. Rdd3 h5 28. Ra4 Kf6 29. Rda3 h4 30. Rd3 f4 31. Kf3 Kf5 32. g4+ hxg3 33.
fxg3 e5 34. g4+ Kg5 35. Ke4 Rxd4+ 36. Raxd4 Rxd4+ 37. Rxd4 exd4 38. Kxd4 Kh4
0-1

[Event "FRA Team Ch"]
[Site "REIMS"]
[Date "2002.??.??"]
[Round "9.4"]
[White "Renet, Olivier"]
[Black "Kramo, Sosthene"]
[Result "1-0"]
[WhiteElo "2494"]
[BlackElo "1950"]
[PlyCount "57"]
[EventDate "2005.05.??"]

1. d4 Nf6 2. c4 g6 3. g3 Bg7 4. Bg2 O-O 5. Nf3 d6 6. Nc3 Nc6 7. O-O e5 8. d5
Ne7 9. c5 Ne8 10. cxd6 cxd6 11. e4 h6 12. a4 f5 13. exf5 gxf5 14. Nd2 Ng6 15.
Nc4 Rf7 16. b3 Bf8 17. Ra2 Rh7 18. f4 e4 19. g4 Nh4 20. gxf5 Rg7 21. Nxe4 Bxf5
22. Ng3 Bg4 23. Qd3 Nxg2 24. Rxg2 Bh3 25. Bb2 Bxg2 26. Kxg2 Nf6 27. Kh1 Rg4 28.
Qf5 Qc8 29. Qxc8 1-0

[Event "FRA Team Ch"]
[Site "REIMS"]
[Date "2002.??.??"]
[Round "9.5"]
[White "Mourgues, Joelle"]
[Black "Wirig, Anthony"]
[Result "0-1"]
[WhiteElo "1770"]
[BlackElo "2333"]
[PlyCount "47"]
[EventDate "2005.05.??"]

1. Nf3 c5 2. g3 g6 3. Bg2 Bg7 4. O-O Nc6 5. d3 d6 6. c4 Bf5 7. Nc3 Qd7 8. Rb1
Bh3 9. Bd2 h5 10. e4 Bg4 11. Nd5 Rc8 12. Ne3 Bxf3 13. Qxf3 e6 14. Qd1 Nge7 15.
a3 O-O 16. Kh1 Nd4 17. Nc2 Nxc2 18. Qxc2 d5 19. Rfd1 b6 20. Qc1 Rfd8 21. f4
dxc4 22. dxc4 Qd4 23. e5 Nf5 24. Qc2 0-1

[Event "FRA Team Ch"]
[Site "REIMS"]
[Date "2002.??.??"]
[Round "9.6"]
[White "Brunner, Nicolas"]
[Black "Lassabe, Nicolas"]
[Result "1/2-1/2"]
[WhiteElo "2240"]
[BlackElo "1620"]
[PlyCount "50"]
[EventDate "2005.05.??"]

1. d4 d5 2. c4 c6 3. Nf3 Nf6 4. Nc3 e6 5. e3 Nbd7 6. Qc2 Bd6 7. g4 h6 8. h3 e5
9. dxe5 Nxe5 10. Nxe5 Bxe5 11. cxd5 cxd5 12. Bd2 Bd7 13. Bg2 Rc8 14. f4 Bxc3
15. Bxc3 Qe7 16. Qd3 O-O 17. O-O Bc6 18. Qd4 Bb5 19. Rfe1 Rc4 20. Qxa7 Ne4 21.
Qa5 Bc6 22. Re2 Ra4 23. Qb6 Rfa8 24. Qb3 Nc5 25. Qd1 Bb5 1/2-1/2

[Event "FRA Team Ch"]
[Site "REIMS"]
[Date "2002.??.??"]
[Round "9.1"]
[White "Magem Badals, Jordi"]
[Black "David, Alberto"]
[Result "0-1"]
[WhiteElo "2502"]
[BlackElo "2516"]
[PlyCount "118"]
[EventDate "2005.05.??"]

1. e4 c5 2. Nf3 Nc6 3. Bb5 g6 4. Bxc6 dxc6 5. d3 Bg7 6. h3 Nf6 7. Nc3 Nd7 8.
Be3 e5 9. Qd2 Qe7 10. Bh6 f6 11. Bxg7 Qxg7 12. O-O Nf8 13. a3 Ne6 14. b4 Qe7
15. Na4 Bd7 16. bxc5 Nxc5 17. Nxc5 Qxc5 18. Qb4 Qxb4 19. axb4 Ke7 20. Ra5 Rhd8
21. Rfa1 a6 22. Kf1 Rac8 23. Ke2 Rc7 24. Nd2 Be6 25. Ke3 Kd6 26. h4 Re7 27. g3
Kc7 28. f4 exf4+ 29. gxf4 Bc8 30. Rg1 Rd5 31. c4 Rd8 32. Nf3 Red7 33. Ra3 Kb6
34. c5+ Kc7 35. h5 Rg7 36. Ra2 Be6 37. Rag2 Rgd7 38. Rd2 gxh5 39. f5 Bb3 40. d4
b6 41. Rd3 Bc4 42. Rc3 b5 43. Ra3 Kb7 44. Rh1 Rg8 45. Rxh5 Rg2 46. Rh6 Rdg7 47.
Rh4 a5 48. bxa5 Ka6 49. e5 b4 50. exf6 bxa3 51. fxg7 a2 52. Rh1 Rxg7 53. Ne5
Rb7 54. Ra1 Rb1 55. Rxa2 Bxa2 56. Nxc6 Bd5 57. Ne5 Rf1 58. Nd3 Rf3+ 59. Ke2
Rxf5 0-1

[Event "FRA Team Ch"]
[Site "REIMS"]
[Date "2002.??.??"]
[Round "9.2"]
[White "Komarov, Dimitri"]
[Black "De La Riva Aguado, Oscar"]
[Result "1-0"]
[WhiteElo "2544"]
[BlackElo "2496"]
[PlyCount "55"]
[EventDate "2005.05.??"]

1. d4 f5 2. g3 g6 3. Bg2 Bg7 4. Nf3 d6 5. O-O Nf6 6. c4 O-O 7. Nc3 Qe8 8. Nd5
Nxd5 9. cxd5 c6 10. Qb3 cxd5 11. Qxd5+ Kh8 12. Be3 Nc6 13. Rac1 Nd8 14. Qa5 e5
15. d5 Bd7 16. Rc7 Bb5 17. Qd2 Nf7 18. Rxb7 f4 19. gxf4 Bxe2 20. Qxe2 exf4 21.
Nd4 fxe3 22. Ne6 Rg8 23. fxe3 Ne5 24. Qf2 Qa4 25. Nxg7 Rxg7 26. Qf6 Nd7 27.
Qxd6 Re8 28. b3 1-0

[Event "FRA Team Ch"]
[Site "REIMS"]
[Date "2002.??.??"]
[Round "9.3"]
[White "Mellado Trivino, Juan"]
[Black "Legky, Nikolay A"]
[Result "0-1"]
[WhiteElo "2444"]
[BlackElo "2483"]
[PlyCount "74"]
[EventDate "2005.05.??"]

1. e4 e6 2. d4 d5 3. Nc3 Bb4 4. e5 c5 5. Bd2 Ne7 6. a3 Bxc3 7. Bxc3 Nbc6 8. Nf3
cxd4 9. Nxd4 Nxe5 10. Nxe6 Bxe6 11. Bxe5 O-O 12. Bd3 Nc6 13. Bg3 f5 14. Bf4 Qf6
15. O-O g5 16. Bd2 f4 17. Re1 Bf5 18. Qf3 Rad8 19. Bc3 d4 20. Bb4 Bxd3 21. Qxd3
Rf7 22. Re4 f3 23. g3 Qf5 24. g4 Qd7 25. h3 a5 26. Bd2 Qd5 27. Rae1 Rdd7 28. c4
dxc3 29. Qxd5 Rxd5 30. Re8+ Rf8 31. Rxf8+ Kxf8 32. Bxc3 b5 33. Re6 Nd4 34. Rf6+
Ke7 35. Bxd4 Rxd4 36. Rxf3 Kd6 37. Rf5 Rd5 0-1

[Event "FRA Team Ch"]
[Site "REIMS"]
[Date "2002.??.??"]
[Round "9.4"]
[White "Moracchini, Fabrice"]
[Black "Lepelletier, Benoit"]
[Result "1/2-1/2"]
[WhiteElo "2311"]
[BlackElo "2444"]
[PlyCount "35"]
[EventDate "2005.05.??"]

1. d4 e6 2. c4 Bb4+ 3. Bd2 Bxd2+ 4. Qxd2 f5 5. Nc3 Nf6 6. g3 d6 7. Bg2 O-O 8.
Nf3 Nc6 9. O-O Ne4 10. Nxe4 fxe4 11. Ng5 d5 12. Rad1 h6 13. Nh3 Qd6 14. Nf4 Rd8
15. e3 Bd7 16. f3 dxc4 17. fxe4 e5 18. Nd5 1/2-1/2

[Event "FRA Team Ch"]
[Site "REIMS"]
[Date "2002.??.??"]
[Round "9.5"]
[White "Guadalpi, David"]
[Black "Godard, Maxence"]
[Result "1-0"]
[WhiteElo "2314"]
[BlackElo "2383"]
[PlyCount "67"]
[EventDate "2005.05.??"]

1. e4 Nf6 2. e5 Nd5 3. d4 d6 4. Nf3 c6 5. h3 dxe5 6. Nxe5 Nd7 7. Nf3 g6 8. Bc4
Bg7 9. O-O O-O 10. Re1 Re8 11. Bg5 N7b6 12. Bb3 a5 13. a4 Nc7 14. Bf4 Nbd5 15.
Bg3 Bf5 16. Nbd2 Ne6 17. Nc4 Nf8 18. Qd2 b6 19. Nce5 Qc8 20. Re2 Qb7 21. Rae1
Rad8 22. Bh4 h6 23. g4 Be6 24. Bg3 g5 25. h4 f6 26. hxg5 hxg5 27. Nxg5 fxg5 28.
Qxg5 Bc8 29. Nxc6 Qxc6 30. Rxe7 Rxe7 31. Rxe7 Qf6 32. Rxg7+ Kh8 33. Rg8+ Kh7
34. Bxd5 1-0

[Event "FRA Team Ch"]
[Site "REIMS"]
[Date "2002.??.??"]
[Round "9.6"]
[White "Salaun, Yann"]
[Black "Guidarelli, Laurent"]
[Result "0-1"]
[WhiteElo "2409"]
[BlackElo "2366"]
[PlyCount "98"]
[EventDate "2005.05.??"]

1. Nf3 Nf6 2. c4 e6 3. g3 b6 4. Bg2 Bb7 5. O-O c5 6. Nc3 Be7 7. b3 O-O 8. Bb2
d6 9. d4 cxd4 10. Qxd4 a6 11. Rfd1 Nbd7 12. Ng5 Bxg2 13. Kxg2 Qc7 14. Qf4 Rfd8
15. Rac1 Nc5 16. Qf3 h6 17. Nge4 Nfxe4 18. Nxe4 Qb7 19. Nc3 Qxf3+ 20. Kxf3 b5
21. b4 Nd7 22. Ne4 Nb6 23. c5 dxc5 24. Rxd8+ Rxd8 25. Nxc5 Rd2 26. Nd3 Nc4 27.
Bd4 Rxa2 28. Bc5 Bg5 29. Rd1 Nd2+ 30. Kg2 Ne4 31. Bd4 Rxe2 32. Kf3 Rd2 33. Rxd2
Nxd2+ 34. Ke2 Nb3 35. Bc3 Nc1+ 36. Nxc1 Bxc1 37. f4 g5 38. Be5 gxf4 39. gxf4 f5
40. Kd3 Kf7 41. Kc2 Be3 42. Kd3 Bb6 43. Bc3 Ke7 44. Bg7 h5 45. Bc3 Kd6 46. h3
Kd5 47. Be5 Bd8 48. Bc3 Bc7 49. Bd2 Bd6 0-1

[Event "FRA Team Ch"]
[Site "REIMS"]
[Date "2002.??.??"]
[Round "9.7"]
[White "Simonet, Marc"]
[Black "Giffard, Nicolas"]
[Result "1/2-1/2"]
[WhiteElo "2283"]
[BlackElo "2307"]
[PlyCount "77"]
[EventDate "2005.05.??"]

1. c4 c5 2. g3 g6 3. Bg2 Bg7 4. Nc3 Nf6 5. e4 Nc6 6. Nge2 O-O 7. O-O d6 8. d3
Rb8 9. h3 a6 10. f4 Nd7 11. a4 Nd4 12. Kh2 b6 13. Rb1 Bb7 14. b3 Bc6 15. Nxd4
cxd4 16. Nd5 e6 17. Nb4 Bb7 18. Nc2 Nc5 19. Ba3 Qc7 20. Ne1 a5 21. Nf3 f5 22.
exf5 gxf5 23. Bb2 e5 24. fxe5 dxe5 25. Nh4 Bxg2 26. Kxg2 Qd7 27. Ba3 Rf7 28.
Bxc5 bxc5 29. Qh5 Rbf8 30. g4 Qb7+ 31. Kg1 fxg4 32. hxg4 Rxf1+ 33. Rxf1 Qxb3
34. Rxf8+ Kxf8 35. Qf5+ Ke7 36. Qg5+ Kf7 37. Qf5+ Ke7 38. Qg5+ Kf7 39. Qf5+
1/2-1/2

[Event "FRA Team Ch"]
[Site "REIMS"]
[Date "2002.??.??"]
[Round "9.8"]
[White "Buchy, Daniel"]
[Black "Rouchouse, Stevens"]
[Result "1/2-1/2"]
[WhiteElo "2195"]
[BlackElo "2185"]
[PlyCount "126"]
[EventDate "2005.05.??"]

1. f4 d5 2. Nf3 g6 3. e3 Bg7 4. d4 Nf6 5. Bd3 O-O 6. O-O Nbd7 7. Nbd2 Ne8 8. f5
Nd6 9. fxg6 hxg6 10. e4 dxe4 11. Nxe4 Nxe4 12. Bxe4 Nf6 13. Bd3 Bg4 14. c3 Qd6
15. Qb3 Qb6 16. Ne5 Be6 17. Bc4 Qxb3 18. axb3 Bxc4 19. bxc4 Ne4 20. Re1 Bxe5
21. Rxe4 Bf6 22. Bf4 c6 23. Be5 Bxe5 24. Rxe5 e6 25. d5 exd5 26. cxd5 cxd5 27.
Rxd5 Rfd8 28. Rxa7 Rxd5 29. Rxa8+ Kg7 30. Re8 Rd2 31. b4 Kf6 32. Rb8 Rc2 33.
Rc8 Ke6 34. Rc7 b5 35. Rc5 Kf6 36. h4 Kg7 37. Kh2 Kh6 38. Kg3 f5 39. Kf3 Kh5
40. g3 Rc1 41. g4+ Kxh4 42. gxf5 gxf5 43. Rxf5 Rxc3+ 44. Ke2 Kg4 45. Rxb5 Kf4
46. Kd2 Rh3 47. Rd5 Ke4 48. Rd8 Rb3 49. Rh8 Kd4 50. Rh4+ Kd5 51. Kc2 Rg3 52.
Kb2 Kc6 53. Rh5 Kb6 54. Rc5 Rh3 55. Rc8 Kb5 56. Rb8+ Kc4 57. Ka2 Rg3 58. b5 Kc5
59. Rb7 Rh3 60. b6 Kc6 61. Rb8 Rh7 62. Ka3 Rb7 63. Rxb7 Kxb7 1/2-1/2

[Event "FRA Team Ch"]
[Site "REIMS"]
[Date "2002.??.??"]
[Round "9.9"]
[White "Dacalor, Aurelie"]
[Black "Barakoff, Annie"]
[Result "1-0"]
[WhiteElo "2137"]
[BlackElo "1810"]
[PlyCount "105"]
[EventDate "2005.05.??"]

1. d4 d5 2. c4 c6 3. Nf3 dxc4 4. a4 Na6 5. e4 Bg4 6. Bxc4 e6 7. Be3 Nf6 8. h3
Bh5 9. Nc3 Bb4 10. Bd3 O-O 11. O-O Rc8 12. g4 Bg6 13. Ne5 c5 14. Nxg6 hxg6 15.
Bxa6 bxa6 16. dxc5 Bxc5 17. Bxc5 Rxc5 18. Qe2 Qc8 19. Rfd1 Qb7 20. Rd2 Rfc8 21.
f3 a5 22. Rad1 Qc7 23. Qf2 g5 24. Kg2 g6 25. Qe3 Kg7 26. Rd6 Qb8 27. R1d2 Ne8
28. R6d3 Nf6 29. Nb5 a6 30. Nd6 R8c6 31. b3 Qh8 32. Nc4 Qb8 33. e5 Nd5 34. Qxg5
Qh8 35. Kg3 Qh6 36. Qxh6+ Kxh6 37. Nd6 Kg7 38. Nb7 Rc1 39. Nxa5 Rc7 40. Nc4 g5
41. a5 Nf4 42. Rd7 Rxd7 43. Rxd7 Rg1+ 44. Kf2 Nxh3+ 45. Ke3 Nf4 46. Nd6 Re1+
47. Kd4 Rd1+ 48. Kc5 Nd3+ 49. Kb6 Nxe5 50. Ne8+ Kf8 51. Rxd1 Kxe8 52. Kxa6 Nxf3
53. Kb7 1-0

[Event "FRA Team Ch"]
[Site "REIMS"]
[Date "2002.??.??"]
[Round "9.1"]
[White "Tirard, Hugo"]
[Black "Landa, Konstantin"]
[Result "0-1"]
[WhiteElo "2401"]
[BlackElo "2623"]
[PlyCount "54"]
[EventDate "2005.05.??"]

1. e4 c5 2. Nf3 e6 3. d4 cxd4 4. Nxd4 a6 5. Nc3 b5 6. Bd3 Qb6 7. Nb3 Qc7 8. O-O
Bb7 9. Qe2 Nf6 10. f4 b4 11. Nd1 d6 12. c3 Nc6 13. Bd2 Be7 14. Kh1 a5 15. Rc1
O-O 16. cxb4 axb4 17. Bxb4 Qb6 18. Bc3 Nb4 19. e5 dxe5 20. Bxb4 Bxb4 21. fxe5
Nd5 22. g3 Be7 23. Nd2 Bg5 24. Rc4 Rad8 25. Rg4 Bxd2 26. Qxd2 f5 27. exf6 Nxf6+
0-1

[Event "FRA Team Ch"]
[Site "REIMS"]
[Date "2002.??.??"]
[Round "9.2"]
[White "Khenkin, Igor"]
[Black "Marcelin, Cyril"]
[Result "1-0"]
[WhiteElo "2587"]
[BlackElo "2452"]
[PlyCount "83"]
[EventDate "2005.05.??"]

1. d4 d5 2. c4 e6 3. Nc3 c6 4. e3 f5 5. g4 fxg4 6. Qxg4 Nf6 7. Qg2 Nbd7 8. Bd2
g6 9. Nf3 Bg7 10. Ng5 Qe7 11. O-O-O b5 12. cxb5 c5 13. h4 Nb6 14. h5 e5 15.
hxg6 hxg6 16. Rxh8+ Bxh8 17. dxe5 Qxe5 18. Nf3 Qh5 19. Bd3 Bg4 20. Rh1 Bxf3 21.
Rxh5 Bxg2 22. Rxh8+ Kf7 23. Rxa8 Nxa8 24. Na4 Nd7 25. Ba5 Nab6 26. Nxb6 axb6
27. Bc3 g5 28. Bf5 Ke7 29. a4 Kd6 30. Bg7 c4 31. Bh6 Be4 32. Bxd7 Kxd7 33. Bxg5
Bf3 34. Kd2 Kc7 35. Bf6 Kb7 36. Bd8 Ka7 37. Bc7 Kb7 38. Bd8 Ka7 39. Kc3 Kb7 40.
Kb4 Ka7 41. Kc3 Bd1 42. Kd4 1-0

[Event "FRA Team Ch"]
[Site "REIMS"]
[Date "2002.??.??"]
[Round "9.3"]
[White "Peyrat, Olivier"]
[Black "Nijboer, Friso"]
[Result "1/2-1/2"]
[WhiteElo "2308"]
[BlackElo "2578"]
[PlyCount "71"]
[EventDate "2005.05.??"]

1. Nf3 Nf6 2. c4 g6 3. g3 Bg7 4. Bg2 O-O 5. O-O d6 6. Nc3 Nc6 7. Rb1 a5 8. a3
e5 9. d3 Nd4 10. Bg5 h6 11. Bxf6 Bxf6 12. b4 axb4 13. axb4 c6 14. b5 Bg4 15.
bxc6 bxc6 16. Rb7 Bxf3 17. Bxf3 Ra3 18. Nb1 Qa8 19. Rb6 Nxf3+ 20. exf3 Ra6 21.
Rxa6 Qxa6 22. Nc3 Qa8 23. Qc2 d5 24. Rb1 Rd8 25. cxd5 cxd5 26. Nb5 Qc8 27. Rc1
Qxc2 28. Rxc2 Kf8 29. Rc7 Be7 30. Rb7 f5 31. Kf1 Kf7 32. Ke2 Ke6 33. Rb6+ Kf7
34. Rb7 Ke6 35. Rb6+ Kf7 36. Rb7 1/2-1/2

[Event "FRA Team Ch"]
[Site "REIMS"]
[Date "2002.??.??"]
[Round "9.4"]
[White "Gormally, Dan"]
[Black "Bernard, Jacques"]
[Result "1-0"]
[WhiteElo "2514"]
[BlackElo "2247"]
[PlyCount "63"]
[EventDate "2005.05.??"]

1. e4 c5 2. Nc3 Nc6 3. Bb5 e6 4. Nf3 Nge7 5. O-O a6 6. Bxc6 Nxc6 7. d4 cxd4 8.
Nxd4 Be7 9. Nxc6 bxc6 10. e5 O-O 11. Ne4 f5 12. exf6 Bxf6 13. Qd6 Be7 14. Qg3
d5 15. Bh6 Bf6 16. Nxf6+ Qxf6 17. Bd2 e5 18. Rae1 e4 19. f3 Qxb2 20. fxe4 Rxf1+
21. Kxf1 Be6 22. exd5 Rf8+ 23. Kg1 Bxd5 24. Bc3 Qb6+ 25. Kh1 Qb7 26. h3 Qf7 27.
a4 h6 28. Rb1 Kh7 29. Rb4 Be6 30. Rf4 Qg8 31. Qd3+ g6 32. Re4 1-0

[Event "FRA Team Ch"]
[Site "REIMS"]
[Date "2002.??.??"]
[Round "9.5"]
[White "Carton, Camille"]
[Black "Nezar, Mustapha"]
[Result "1/2-1/2"]
[WhiteElo "2207"]
[BlackElo "2352"]
[PlyCount "33"]
[EventDate "2005.05.??"]

1. e4 c5 2. Nf3 d6 3. d4 cxd4 4. Nxd4 Nf6 5. Nc3 Nc6 6. Be2 g6 7. O-O Bg7 8.
Nb3 O-O 9. Bg5 Be6 10. Kh1 d5 11. Bxf6 Bxf6 12. exd5 Bxc3 13. dxc6 Bxb2 14. Rb1
Bc3 15. cxb7 Rb8 16. Bf3 Qc7 17. Qd3 1/2-1/2

[Event "FRA Team Ch"]
[Site "REIMS"]
[Date "2002.??.??"]
[Round "9.6"]
[White "Philippe, Christophe"]
[Black "Wolfangel, Florence"]
[Result "1-0"]
[WhiteElo "2332"]
[BlackElo "1960"]
[PlyCount "73"]
[EventDate "2005.05.??"]

1. e4 e6 2. d4 d5 3. Nc3 Bb4 4. Bd3 Nf6 5. e5 Nfd7 6. Qg4 Kf8 7. a3 Be7 8. f4
f5 9. exf6 Nxf6 10. Qe2 b6 11. Nf3 c5 12. b3 Nc6 13. dxc5 bxc5 14. O-O Bd6 15.
Bd2 a6 16. Kh1 Qe7 17. Rae1 Nd4 18. Nxd4 cxd4 19. Na4 Rb8 20. b4 Kf7 21. Qf2
Ng4 22. Qxd4 Qh4 23. h3 h5 24. Rf3 Qf6 25. Qa7+ Qe7 26. Qd4 Qf6 27. Bc3 Qxd4
28. Bxd4 Bd7 29. Nc5 Bxc5 30. Bxc5 Ra8 31. Kg1 Nf6 32. Rg3 h4 33. Bg6+ Kg8 34.
Rg5 Rh6 35. Bd4 Rf8 36. Bd3 Nh7 37. Rxg7+ 1-0

[Event "FRA Team Ch"]
[Site "REIMS"]
[Date "2002.??.??"]
[Round "9.1"]
[White "Belkhodja, Slim"]
[Black "Kallai, Gabor"]
[Result "1-0"]
[WhiteElo "2506"]
[BlackElo "2549"]
[PlyCount "57"]
[EventDate "2005.05.??"]

1. e4 c6 2. d3 e5 3. Nf3 Nf6 4. Nbd2 d6 5. g3 g6 6. Bg2 Bg7 7. O-O O-O 8. c3
Re8 9. a4 Nbd7 10. d4 exd4 11. Nxd4 Ne5 12. Qc2 c5 13. N4b3 h5 14. f4 Nc6 15.
Nc4 Qe7 16. Ne3 Be6 17. Nd5 Qd7 18. Nxf6+ Bxf6 19. f5 Bc4 20. Bh6 Bxf1 21. Rxf1
Qe7 22. Nd2 Ne5 23. Bf4 Bg5 24. Bxe5 Be3+ 25. Kh1 Bxd2 26. fxg6 fxg6 27. Bf6
Qe6 28. Qxd2 Rf8 29. e5 1-0

[Event "FRA Team Ch"]
[Site "REIMS"]
[Date "2002.??.??"]
[Round "9.2"]
[White "Varga, Peter"]
[Black "Dgebuadze, Alexandre"]
[Result "0-1"]
[WhiteElo "2489"]
[BlackElo "2537"]
[PlyCount "108"]
[EventDate "2005.05.??"]

1. d4 e6 2. c4 Nf6 3. Nc3 Bb4 4. Qc2 O-O 5. Nf3 d6 6. e4 e5 7. d5 Bxc3+ 8. bxc3
Nbd7 9. Be2 Nc5 10. Nd2 Bd7 11. O-O b6 12. f3 Nh5 13. Nb3 f5 14. Nxc5 bxc5 15.
exf5 Bxf5 16. Qd1 Nf4 17. Bxf4 exf4 18. Bd3 Qh4 19. Re1 Bd7 20. Re4 Rae8 21.
Qd2 Rxe4 22. Bxe4 Rb8 23. Rb1 Rb6 24. Bd3 g6 25. Bc2 Qf6 26. Bb3 Rb8 27. Bc2
Rxb1+ 28. Bxb1 Qe5 29. Kf2 Kg7 30. Qe1 Qxe1+ 31. Kxe1 g5 32. Kd2 h6 33. Be4 Kf6
34. Kd3 Ke5 35. Bg6 g4 36. Ke2 Bc8 37. Bd3 h5 38. Kf2 h4 39. fxg4 Bxg4 40. Bc2
Kf6 41. Bd3 Kg5 42. h3 Bd1 43. Ke1 f3 44. gxf3 Bxf3 45. Kf2 Kf4 46. Bc2 Bh5 47.
Bd3 Be8 48. a3 Bd7 49. Bf1 Bf5 50. Ke2 Kg3 51. Ke3 Bxh3 52. Bxh3 Kxh3 53. Kf3
a6 54. a4 a5 0-1

[Event "FRA Team Ch"]
[Site "REIMS"]
[Date "2002.??.??"]
[Round "9.3"]
[White "Bunzmann, Dimitrij"]
[Black "Maier, Christian"]
[Result "1/2-1/2"]
[WhiteElo "2483"]
[BlackElo "2354"]
[PlyCount "99"]
[EventDate "2005.05.??"]

1. d4 d5 2. c4 c6 3. Nc3 Nf6 4. Nf3 g6 5. Bf4 Bg7 6. e3 O-O 7. h3 Nbd7 8. Rc1
e6 9. Be2 Qe7 10. O-O Ne4 11. Qb3 g5 12. Bh2 f5 13. Nxe4 dxe4 14. Nd2 c5 15.
Qa3 e5 16. dxc5 b6 17. f3 Bb7 18. fxe4 f4 19. Bf3 Rfd8 20. Nb3 Bf8 21. Kh1 Qf7
22. exf4 exf4 23. Qa4 bxc5 24. Qa5 Qg6 25. Rfd1 Qb6 26. Bg1 h5 27. Rd2 Ne5 28.
Rxd8 Rxd8 29. Bxc5 Qf6 30. Bxf8 Rxf8 31. Qxa7 g4 32. Qxb7 gxf3 33. Rg1 fxg2+
34. Rxg2+ Kh8 35. Nd2 f3 36. Rf2 Qg5 37. Qb3 Rg8 38. Qd1 Nd3 39. Qf1 Nxf2+ 40.
Qxf2 Qf4 41. Nxf3 Kh7 42. Qe2 Rg3 43. Ng1 Kh6 44. c5 h4 45. b4 Kg5 46. b5 Re3
47. Qg2+ Rg3 48. Qe2 Re3 49. Qc2 Rg3 50. Qe2 1/2-1/2